Hai tuồng hát bội (truyện ngắn)
Gespeichert in:
| 1. Verfasser: | |
|---|---|
| Format: | Buch |
| Sprache: | Undetermined |
| Veröffentlicht: |
Thành phố Hồ Chí Minh
Trẻ
2010
|
| Schlagworte: | |
| Tags: |
Tag hinzufügen
Keine Tags, Fügen Sie den ersten Tag hinzu!
|
| Thư viện lưu trữ: | Trung tâm Học liệu Trường Đại học Cần Thơ |
|---|
| LEADER | 00649nam a2200217Ia 4500 | ||
|---|---|---|---|
| 001 | CTU_161022 | ||
| 008 | 210402s9999 xx 000 0 und d | ||
| 020 | |c 29000 | ||
| 082 | |a 895.92234 | ||
| 082 | |b B305 | ||
| 100 | |a Vũ, Đức Sao Biển | ||
| 245 | 0 | |a Hai tuồng hát bội | |
| 245 | 0 | |b (truyện ngắn) | |
| 245 | 0 | |c Vũ Đức Sao Biển | |
| 260 | |a Thành phố Hồ Chí Minh | ||
| 260 | |b Trẻ | ||
| 260 | |c 2010 | ||
| 650 | |a Vietnamese literature,Văn học Việt Nam | ||
| 650 | |y 20th century,thế kỷ 20 | ||
| 910 | |a Nguyên | ||
| 980 | |a Trung tâm Học liệu Trường Đại học Cần Thơ | ||